| 000 | 00366nam a2200133Ia 4500 | ||
|---|---|---|---|
| 008 | 231129s1960||||xx |||||||||||||| ||spa|| | ||
| 040 | _bspa | ||
| 082 | _a(EN PROCESO DE DESCARTE) R 690 K58m | ||
| 100 | _aKirgis Ludwig | ||
| 245 | 0 | _aManual de construccion en profundidad | |
| 260 | _c1960 | ||
| 264 | _aEspaƱa (Barcelona) : Ediciones Omega | ||
| 942 |
_2ddc _cBKS |
||
| 999 |
_c20331 _d20331 |
||